000 00411nam a2200181Ia 4500
001 2737
005 20260306144829.0
008 260306t2009||||xx |||||||||||||| ||spa||
041 _aESP
082 _a220.6
_bT52
100 _aTiconio
_eAUT
245 0 _aLibro de las reglas:
_bTiconio
260 _c2009
300 _a350 páginas :
_c23 cm.
650 _aGEN
654 _aCHU
942 _cLIB
_dJUS
_fJUS
_2ddc
_n
999 _c2737
_d2737